Digitální ekonomika nemá budoucnost bez odborů a sociálního rozměru ; Analýza mezd v nákladech českých firem

Korporativní autor: Českomoravská konfederace odborových svazů
Jazyk: Čeština
Vydáno: Praha : Sondy, s.r.o., 2017
Edice: Pohledy (Sondy)
Témata:
Externí odkaz: Digitalizovaný dokument
Fyzický popis: 78 stran : ilustrace ; 22 cm
Knihy
Uloženo v:
LEADER 02740nam a2200685 i 4500
001 nkc20172897368
003 CZ PrNK
005 20220325180056.0
007 ta
008 170524s2017 xr a f 000 0 cze
015 |a cnb002897368 
020 |a 978-80-86846-64-4  |q (brožováno)  |z 978-8086846-64-4 
035 |a (OCoLC)1000494704 
040 |a ABA001  |b cze  |e rda 
043 |a e-xr--- 
045 |a y1y2 
072 7 |a 33  |x Ekonomie  |2 Konspekt  |9 4 
080 |a 004  |2 MRF 
080 |a 33  |2 MRF 
080 |a 304  |2 MRF 
080 |a 331.5  |2 MRF 
080 |a 331.2  |2 MRF 
080 |a 331.105.44  |2 MRF 
080 |a (437.3)  |2 MRF 
080 |a (082)  |2 MRF 
245 0 0 |a Digitální ekonomika nemá budoucnost bez odborů a sociálního rozměru ;  |b Analýza mezd v nákladech českých firem 
264 1 |a Praha :  |b Sondy, s.r.o.,  |c 2017 
300 |a 78 stran :  |b ilustrace ;  |c 22 cm 
336 |a text  |b txt  |2 rdacontent 
337 |a bez média  |b n  |2 rdamedia 
338 |a svazek  |b nc  |2 rdacarrier 
490 1 |a Pohledy: studie - analýzy - prognózy ;  |v 1/2017 
500 |a Na obálce nad názvem: Českomoravská konfederace odborových svazů 
504 |a Obsahuje bibliografické odkazy 
648 7 |a 21. století  |7 ch460559  |2 czenas 
648 7 |a 2011-2020  |7 ch460589  |2 czenas 
650 0 7 |a digitalizace  |7 ph262178  |z Česko  |y 21. století  |2 czenas 
650 0 7 |a digitalizace  |7 ph262178  |x ekonomické aspekty  |2 czenas 
650 0 7 |a digitalizace  |7 ph262178  |x sociální aspekty  |2 czenas 
650 0 7 |a trh práce  |7 ph116483  |z Česko  |y 21. století  |2 czenas 
650 0 7 |a mzdy  |7 ph123087  |z Česko  |y 2011-2020  |2 czenas 
650 0 7 |a odbory  |7 ph123684  |z Česko  |y 21. století  |2 czenas 
650 0 9 |a digitization  |z Czechia  |y 21st century  |2 eczenas 
650 0 9 |a digitization  |x economic aspects  |2 eczenas 
650 0 9 |a digitization  |x social aspects  |2 eczenas 
650 0 9 |a labor market  |z Czechia  |y 21st century  |2 eczenas 
650 0 9 |a wages  |z Czechia  |y 2011-2020  |2 eczenas 
650 0 9 |a labor unions  |z Czechia  |y 21st century  |2 eczenas 
655 7 |a sborníky  |7 fd163935  |2 czenas 
655 9 |a papers of several authors  |2 eczenas 
710 2 |a Českomoravská konfederace odborových svazů  |7 kn20021216003  |4 aut 
730 0 2 |a Analýza mezd v nákladech českých firem 
830 0 |a Pohledy (Sondy)  |0 s 
856 4 1 |u http://www.digitalniknihovna.cz/mzk/uuid/uuid:08fa1680-8f07-11e7-accf-005056827e51  |y Digitalizovaný dokument  |x NDK 
910 2 |a BOA001  |b 2-1391.648 
990 |a BK 
995 |a 01 
991 |b 201707  |c NOV 
996 6 |b 2610713709  |c 2-1391.648  |l MZK  |r Sklad / do 1 hodiny  |n 1  |p p.v.  |w 001620372  |u 000010  |a 1  |e BOA001  |j MZK50  |s P 
996 7 |b 2610713710  |c 2-1391.648  |l MZK  |r Sklad / do 1 hodiny  |n 3  |p dar  |w 001620372  |u 000020  |a 1  |e BOA001  |j MZK50  |s A